Normal view
MARC view
- الصيرفي،محمد عبدالفتاح
Entry Personal Name
001 - CONTROL NUMBER
- control field: 11884
003 - CONTROL NUMBER IDENTIFIER
- control field: JO-AjAnu
005 - DATE AND TIME OF LATEST TRANSACTION
- control field: 20230606072215.0
008 - FIXED-LENGTH DATA ELEMENTS
- fixed length control field: 230606|| aca||aabn | a|a d
040 ## - CATALOGING SOURCE
- Original cataloging agency: JO-AjAnu
- Transcribing agency: JO-AjAnu
100 ## - HEADING--PERSONAL NAME
- Personal name: الصيرفي،محمد عبدالفتاح
670 ## - SOURCE DATA FOUND
- Source citation: Work cat.: (JO-AjAnu)6122: الصيرفي،محمد عبدالفتاح, author, التدريب الاداري: الاحتياجات التدريبية وتصميم البرنامج التدريبي، ج2